000
00234nam a2200085Ia 4500
008
170617s9999 xx 000 0 und d
100
_a
Singh INDERVEER
245
0
_a
Handbook of anatomy physiology for nurses GNM Student
260
_b
JAYPEE BROTHERS
260
_c
2015
999
_c
12990
_d
12990